| 000 | 00622nam a2200253Ia 4500 | ||
|---|---|---|---|
| 003 | OSt | ||
| 005 | 20221005122423.0 | ||
| 006 | a|||||r|||| 00| 0 | ||
| 007 | ta | ||
| 008 | 221004b |||||||| |||| 00| 0 eng d | ||
| 024 | _a57018 | ||
| 037 | _cTextual | ||
| 040 |
_aCRL _cCRL _beng |
||
| 041 |
_2eng _aeng |
||
| 082 | _aU:23663k, D7-;1 | ||
| 110 | _aPunjab | ||
| 245 | 0 |
_aJhelam district [gazetteer _b] 1904. |
|
| 260 | _c1907 | ||
| 490 | _aPunjab district gazetteers , 27 A. | ||
| 650 | _aGEOGRAPHY | ||
| 700 | _aPunjab | ||
| 942 |
_hU:23663k, D7-;1 _cTEXL _2cc |
||
| 999 |
_c1044237 _d1044237 |
||